00412nam a2200157Ia 4500003000500000008004100005020001800046040001900064082000700083100004300090245005100133260004000184300001000224365000800234546001200242STCL221019s9999 xx 000 0 und d a9788173716539 aSTCLcSTCLbEN 222 aWorld wide fund for nature-India (WWF) 4aThe common birds and mammals of Andhra Pradesh bUniversities PressaHyderabadc2009 a164 p b250 aEnglish